The Skyband Group, Copán Honduras

محفوظ في:

المؤلف الرئيسي: David Webster

التنسيق: كتاب

اللغة: Undetermined

الوصول للمادة أونلاين: Login to view Source

الوسوم: إضافة وسم

لا توجد وسوم, كن أول من يضع وسما على هذه التسجيلة!

رقم الطلب:

LEADER 00440nmm a2200133Ia 4500
008 240716s9999||||xx |||||||||||||||||und||
020 |a 9781803274294 
020 |a 9781803274300 
100 |a David Webster 
245 1 4 |a The Skyband Group, Copán Honduras  |c David Webster 
264 |b Archaeopress Access Archaeology  |c 12-سبتمبر-23 
856 4 0 |u http://library.arce.org:8087/Archaeopress/Products/9781803274294 
942 |2 lcc  |c EBOOK 
999 |c 59015  |d 59015